00333nam a2200121Ia 4500008004100000020001800041100001900059245005600078250001200134260003400146300001800180650001300198181023s9999 xx 000 0 und d a9781259587399 aHecht, Eugene. cEugen Hecht.--aSchaum's outlines college physics / a12th ed aNew York :bMcGraw Hillc2018 ax, 576 pages. aPhysics.